[Event "S. A. Group BAN-chT 2018"]
[Site "Dhaka"]
[Date "2018.12.07"]
[Round "1"]
[White "Hossain, Alamgir"]
[Black "Mohammed, Mainuddin"]
[Result "0-1"]
[WhiteElo "2052"]
[BlackElo "1950"]
[Annotator "NA"]
[PlyCount "74"]
[EventDate "2018.12.07"]
[EventType "team-tourn"]
[EventCountry "BAN"]
[SourceTitle "playchess.com"]
[Source "ChessBase"]
[SourceQuality "1"]
[TimeControl "5400+30"]

1. e4 e5 2. Nf3 Nf6 3. Nc3 Nc6 4. d4 exd4 5. Nxd4 Bb4 6. Nxc6 Bxc3+ 7. bxc3 bxc6 8. Bd3 d6 9. O-O O-O 10. Bg5 Qe7 11. f4 d5 {[%emt 1:35:30]} 12. Bxf6 {[%emt 1:36:00]} Qxf6 {[%emt 0:00:30]} 13. exd5 {[%emt 0:00:30]} Qxc3 {[%emt 0:00:30]} 14. dxc6 {[%emt 0:00:30]} Qxc6 {[%emt 0:00:30]} 15. Kh1 {[%emt 0:00:30]} Bb7 {[%emt 0:00:30]} 16. Qg4 {[%emt 0:00:30]} f5 {[%emt 0:00:30]} 17. Qh3 {[%emt 0:00:30]} Rf6 {[%emt 0:00:30]} 18. Rf2 {[%emt 0:00:30]} Raf8 {[%emt 0:00:30]} 19. Rb1 {[%emt 0:00:30]} Qc5 {[%emt 0:00:30]} 20. Re2 {[%emt 0:00:30]} Bc6 {[%emt 0:00:30]} 21. Re5 {[%emt 0:00:30]} Qd4 {[%emt 0:00:30]} 22. Qe3 {[%emt 0:00:30]} Qa4 {[%emt 0:00:30]} 23. a3 {[%emt 0:00:30]} Rg6 {[%emt 0:00:30]} 24. Rg1 {[%emt 0:00:30]} Rg4 {[%emt 0:00:30]} 25. Rxf5 {[%emt 0:00:30]} Rxf4 {[%emt 0:00:30]} 26. Qe6+ {[%emt 0:00:30]} Kh8 {[%emt 0:00:30]} 27. Rxf4 {[%emt 0:00:30]} Rxf4 {[%emt 0:00:30]} 28. Qc8+ {[%emt 0:00:30]} Be8 {[%emt 0:00:30]} 29. Re1 {[%emt 0:00:30]} Rf8 {[%emt 0:00:30]} 30. Qh3 {[%emt 0:00:30]} h6 {[%emt 0:00:30]} 31. Qe6 {[%emt 0:00:30]} Bb5 {[%emt 0:00:30]} 32. Bg6 {[%emt 0:00:30]} Bc6 {[%emt 0:00:30]} 33. h3 {[%emt 0:00:30]} Qh4 {[%emt 0:00:30]} 34. Kh2 {[%emt 0:00:30]} Qf4+ {[%emt 0:00:30]} 35. Kh1 {[%emt 0:00:30]} Qg3 {[%emt 0:00:30]} 36. Rg1 {[%emt 0:00:30]} Bxg2+ {[%emt 0:00:30]} 37. Rxg2 {[%emt 0:00:30]} Rf1+ {[%emt 0:00:30]} 0-1

[Event "S. A. Group BAN-chT 2018"]
[Site "Dhaka"]
[Date "2018.12.07"]
[Round "1"]
[White "abu, Hanif"]
[Black "Islam, Kh. Aminul"]
[Result "1/2-1/2"]
[WhiteElo "2002"]
[BlackElo "2253"]
[Annotator "NA"]
[PlyCount "102"]
[EventDate "2018.12.07"]
[EventType "team-tourn"]
[EventCountry "BAN"]
[SourceTitle "playchess.com"]
[Source "ChessBase"]
[SourceQuality "1"]
[TimeControl "5400+30"]

1. Nf3 {[%emt 0:00:00]} Nf6 {[%emt 0:00:00]} 2. g3 {[%emt 0:00:00]} b6 {[%emt 0:01:35]} 3. Bg2 {[%emt 0:00:08]} Bb7 {[%emt 0:00:12]} 4. d3 {[%emt 0:00:33]} c5 {[%emt 0:01:50]} 5. Nc3 {[%emt 0:02:47]} d5 {[%emt 0:01:16]} 6. e4 {[%emt 0:05:31]} e6 {[%emt 0:15:18]} 7. Bf4 {[%emt 0:09:18]} Be7 {[%emt 0:03:57]} 8. a3 {[%emt 0:00:20]} Nc6 {[%emt 0:02:34]} 9. e5 {[%emt 0:03:21]} Nd7 {[%emt 0:00:49]} 10. h4 {[%emt 0:00:27]} a6 {[%emt 0:09:18]} 11. Nb1 {[%emt 0:12:31]} h6 {[%emt 0:00:47]} 12. Nbd2 {[%emt 0:00:45]} Nf8 {[%emt 0:00:44]} 13. c3 {[%emt 0:02:38]} Ng6 {[%emt 0:06:03]} 14. Qe2 {[%emt 0:06:12]} Qd7 {[%emt 0:01:35]} 15. d4 {[%emt 0:52:59]} Nxf4 {[%emt 0:04:35]} 16. gxf4 {[%emt 0:00:00]} h5 {[%emt 0:03:34]} 17. Qd3 {[%emt 0:00:00]} g6 {[%emt 0:00:47]} 18. Ng5 {[%emt 0:01:30]} cxd4 {[%emt 0:03:45]} 19. cxd4 {[%emt 0:00:00]} Bxg5 {[%emt 0:00:23]} 20. fxg5 {[%emt 0:00:00]} Ne7 {[%emt 0:00:27]} 21. O-O {[%emt 0:00:00]} Bc6 {[%emt 0:04:42]} 22. Rfc1 {[%emt 0:00:00]} Bb5 {[%emt 0:03:52]} 23. Qf3 {[%emt 0:00:00]} O-O {[%emt 0:06:31]} 24. Bh3 {[%emt 0:00:00]} Rfc8 {[%emt 0:01:41]} 25. Qe3 {[%emt 0:00:00]} Rxc1+ {[%emt 0:05:55]} 26. Rxc1 {[%emt 0:00:00]} Rc8 {[%emt 0:00:57]} 27. Rc3 {[%emt 0:00:00]} Rc6 {[%emt 0:01:50]} 28. f4 {[%emt 0:00:00]} Qc8 {[%emt 0:00:55]} 29. Kf2 {[%emt 0:00:00]} Kf8 {[%emt 0:00:59]} 30. Rxc6 {[%emt 0:00:00]} Qxc6 {[%emt 0:05:16]} 31. Qc3 {[%emt 0:00:00]} Qb7 {[%emt 0:01:39]} 32. Ke3 {[%emt 0:00:00]} Ke8 {[%emt 0:00:40]} 33. Qb4 {[%emt 0:00:00]} Qc6 {[%emt 0:00:54]} 34. Qc3 {[%emt 0:00:00]} Qxc3+ {[%emt 0:00:56]} 35. bxc3 {[%emt 0:00:00]} Ba4 {[%emt 0:00:06]} 36. Nf1 {[%emt 0:00:00]} Bb5 {[%emt 0:00:43]} 37. Ng3 {[%emt 0:00:00]} Kd7 {[%emt 0:00:46]} 38. Bg2 {[%emt 0:00:00]} Ba4 {[%emt 0:03:13]} 39. Bf1 {[%emt 0:00:00]} b5 {[%emt 0:00:33]} 40. Be2 {[%emt 0:00:00]} Bb3 {[%emt 0:02:46]} 41. Kd2 {[%emt 0:00:00]} Bc4 {[%emt 0:02:21]} 42. Bd1 {[%emt 0:00:00]} Ke8 {[%emt 0:01:24]} 43. Kc2 {[%emt 0:00:00]} Kf8 {[%emt 0:00:22]} 44. Kb2 {[%emt 0:00:00]} Nc6 {[%emt 0:00:23]} 45. Kc2 {[%emt 0:00:00]} Na5 {[%emt 0:00:54]} 46. Kd2 {[%emt 0:00:00]} Ba2 {[%emt 0:00:25]} 47. Be2 {[%emt 0:00:00]} Ke7 {[%emt 0:00:29]} 48. Kc2 {[%emt 0:00:00]} Bc4 {[%emt 0:00:30]} 49. Bf3 {[%emt 0:00:00]} Bb3+ {[%emt 0:00:21]} 50. Kb2 {[%emt 0:00:00]} Bc4 {[%emt 0:01:49]} 51. Bd1 {[%emt 0:00:00]} Bd3 {[%emt 0:00:23]} 1/2-1/2

[Event "S. A. Group BAN-chT 2018"]
[Site "Dhaka"]
[Date "2018.12.07"]
[Round "1"]
[White "Khan, Jewel"]
[Black "Islam, Mohammad Aminul"]
[Result "1/2-1/2"]
[WhiteElo "1957"]
[BlackElo "1959"]
[Annotator "NA"]
[PlyCount "137"]
[EventDate "2018.12.07"]
[EventType "team-tourn"]
[EventCountry "BAN"]
[SourceTitle "playchess.com"]
[Source "ChessBase"]
[SourceQuality "1"]
[TimeControl "5400+30"]

1. d4 {[%emt 1:30:30]} Nf6 {[%emt 1:30:30]} 2. c4 {[%emt 0:00:30]} d6 {[%emt 0:00:30]} 3. Nf3 {[%emt 0:00:30]} Nbd7 {[%emt 0:00:30]} 4. Nc3 {[%emt 0:00:30]} e5 {[%emt 0:00:30]} 5. e4 {[%emt 0:00:30]} Be7 {[%emt 0:00:30]} 6. Bd3 {[%emt 0:00:30]} O-O {[%emt 0:00:30]} 7. O-O {[%emt 0:00:30]} c5 {[%emt 0:00:30]} 8. dxe5 {[%emt 0:00:30]} Nxe5 {[%emt 0:00:30]} 9. Nxe5 {[%emt 0:00:30]} dxe5 {[%emt 0:00:30]} 10. Nd5 {[%emt 0:00:30]} Nxd5 {[%emt 0:00:30]} 11. cxd5 {[%emt 0:00:30]} f5 {[%emt 0:00:30]} 12. f4 {[%emt 0:00:30]} fxe4 {[%emt 0:00:30]} 13. Bxe4 {[%emt 0:00:30]} Bf6 {[%emt 0:00:30]} 14. fxe5 {[%emt 0:00:30]} Bxe5 {[%emt 0:00:30]} 15. Bxh7+ {[%emt 0:00:30]} Kxh7 {[%emt 0:00:30]} 16. Qh5+ {[%emt 0:00:30]} Kg8 {[%emt 0:00:30]} 17. Rxf8+ {[%emt 0:00:30]} Qxf8 {[%emt 0:00:30]} 18. Qxe5 {[%emt 0:00:30]} Bf5 {[%emt 0:00:30]} 19. d6 {[%emt 0:00:30]} Re8 {[%emt 0:00:30]} 20. Qd5+ {[%emt 0:00:30]} Be6 {[%emt 0:00:30]} 21. Qxc5 {[%emt 0:00:30]} Rd8 {[%emt 0:00:30]} 22. Bd2 {[%emt 0:00:30]} Qxd6 {[%emt 0:00:30]} 23. Qxd6 {[%emt 0:00:30]} Rxd6 {[%emt 0:00:30]} 24. Bc3 {[%emt 0:00:30]} a6 {[%emt 0:00:30]} 25. Re1 {[%emt 0:00:30]} Kf7 {[%emt 0:00:30]} 26. a3 {[%emt 0:00:30]} b5 {[%emt 0:00:30]} 27. Re3 {[%emt 0:00:30]} Bd5 {[%emt 0:00:30]} 28. Re5 {[%emt 0:00:30]} g6 {[%emt 0:00:30]} 29. h4 {[%emt 0:00:30]} Be6 {[%emt 0:00:30]} 30. h5 {[%emt 0:00:30]} gxh5 {[%emt 0:00:30]} 31. Rxh5 {[%emt 0:00:30]} Kg6 {[%emt 0:00:30]} 32. Re5 {[%emt 0:00:30]} Kf7 {[%emt 0:00:30]} 33. Rg5 {[%emt 0:00:30]} Bd7 {[%emt 0:00:30]} 34. Rg7+ {[%emt 0:00:30]} Kf8 {[%emt 0:00:30]} 35. Kf2 {[%emt 0:00:30]} Rd3 {[%emt 0:00:30]} 36. Rg6 {[%emt 0:00:30]} Bc8 {[%emt 0:00:30]} 37. Rc6 {[%emt 0:00:30]} Rd8 {[%emt 0:00:30]} 38. Rc7 {[%emt 0:00:30]} Re8 {[%emt 0:00:30]} 39. Kf3 {[%emt 0:00:30]} Be6 {[%emt 0:00:30]} 40. g4 {[%emt 0:00:30]} Bd5+ {[%emt 0:00:30]} 41. Kf4 {[%emt 0:00:30]} Bf7 {[%emt 0:00:30]} 42. Bf6 {[%emt 0:00:30]} a5 {[%emt 0:00:30]} 43. g5 {[%emt 0:00:30]} Bg6 {[%emt 0:00:30]} 44. Bg7+ {[%emt 0:00:30]} Kg8 {[%emt 0:00:30]} 45. Bc3 {[%emt 0:00:30]} b4 {[%emt 0:00:30]} 46. axb4 {[%emt 0:00:30]} axb4 {[%emt 0:00:30]} 47. Be5 {[%emt 0:00:30]} Rb8 {[%emt 0:00:30]} 48. Ke3 {[%emt 0:00:30]} Rb6 49. Kd4 {[%emt 0:00:30]} b3 50. Kc5 {[%emt 0:00:30]} Bc2 {[%emt 0:01:30] Kb5 Ra6 Kb4 [%clk 0:00:00] Re6 [%clk 0:00:00]} 51. Rd7 Ra6 {[%emt 0:00:30]} 52. Bf6 Re6 {[%emt 0:00:30]} 53. Kb5 Kf8 {[%emt 0:00:30]} 54. Bc3 Ke8 {[%emt 0:00:30]} 55. Kc5 Kf8 {[%emt 0:00:30]} 56. Rc7 Ra6 {[%emt 0:00:30]} 57. Kd5 Rg6 {[%emt 0:00:30]} 58. Ke5 Re6+ {[%emt 0:00:30]} 59. Kf4 Kg8 {[%emt 0:00:30]} 60. Kg4 Bg6 {[%emt 0:00:30] Kh5 Bf7+ [%clk 0:00:00] Kh6 Re3 [%clk 0:00:00]} 61. Bf6 Re8 {[%emt 0:00:30]} 62. Rc3 {[%emt 0:06:00]} Re2 {[%emt 0:00:30]} 63. Rc8+ {[%emt 0:00:30]} Re8 {[%emt 0:00:30]} 64. Rc1 {[%emt 0:00:30]} Re2 {[%emt 0:00:30]} 65. Rc8+ {[%emt 0:00:30]} Be8 66. g6 {[%emt 0:00:30]} Rh2 {[%emt 0:01:00]} 67. Kg5 {[%emt 0:00:30]} Rg2+ 68. Kf5 Kf8 {[%emt 0:01:00]} 69. Ke4 {[%emt 0:01:00]} 1/2-1/2

[Event "S. A. Group BAN-chT 2018"]
[Site "Dhaka"]
[Date "2018.12.07"]
[Round "1"]
[White "Alam, Badrul"]
[Black "Khan, Mokaddesur Rahman"]
[Result "0-1"]
[WhiteElo "1858"]
[BlackElo "1942"]
[Annotator "NA"]
[PlyCount "56"]
[EventDate "2018.12.07"]
[EventType "team-tourn"]
[EventCountry "BAN"]
[SourceTitle "playchess.com"]
[Source "ChessBase"]
[SourceQuality "1"]
[TimeControl "5400+30"]

1. e4 {[%emt 0:01:21]} c5 {[%emt 0:00:00]} 2. Nf3 {[%emt 0:00:13]} d6 {[%emt 0:00:00]} 3. d4 {[%emt 0:00:18]} cxd4 {[%emt 0:00:00]} 4. Nxd4 {[%emt 0:00:08]} Nf6 {[%emt 0:00:02]} 5. Nc3 {[%emt 0:00:16]} a6 {[%emt 0:00:05]} 6. Be2 {[%emt 0:01:33]} e5 {[%emt 0:00:07]} 7. Nb3 {[%emt 0:02:45]} Be6 {[%emt 0:00:24]} 8. Bg5 {[%emt 0:01:31]} Be7 {[%emt 0:00:59]} 9. Bxf6 {[%emt 0:01:48]} Bxf6 {[%emt 0:00:24]} 10. Nd5 {[%emt 0:00:07]} Bg5 {[%emt 0:03:50]} 11. h4 {[%emt 0:06:49]} Bh6 {[%emt 0:04:18]} 12. g4 {[%emt 0:01:00]} g6 {[%emt 0:01:01]} 13. Qd3 {[%emt 0:05:01]} Nc6 {[%emt 0:10:40]} 14. g5 {[%emt 0:06:34]} Bg7 {[%emt 0:01:10]} 15. c3 {[%emt 0:03:31]} Rc8 {[%emt 0:06:04]} 16. O-O-O {[%emt 0:08:27]} Nd4 {[%emt 0:03:51]} 17. Kb1 {[%emt 0:03:09]} Bxd5 {[%emt 0:01:07]} 18. exd5 {[%emt 0:10:00]} Nxb3 {[%emt 0:03:29]} 19. axb3 {[%emt 0:00:04]} Qb6 {[%emt 0:01:07]} 20. Qc2 {[%emt 0:02:20]} O-O {[%emt 0:04:24]} 21. Bg4 {[%emt 0:01:24]} Rc5 {[%emt 0:03:08]} 22. h5 {[%emt 0:00:53]} Rb5 {[%emt 0:04:21]} 23. hxg6 {[%emt 0:07:23]} hxg6 {[%emt 0:00:40]} 24. b4 {[%emt 0:02:22]} a5 {[%emt 0:01:00]} 25. f3 {[%emt 0:04:57]} axb4 {[%emt 0:01:41]} 26. c4 {[%emt 0:03:48]} Ra5 {[%emt 0:03:51]} 27. Qh2 {[%emt 0:00:06]} Rfa8 {[%emt 0:00:08]} 28. Kc1 {[%emt 0:20:19]} Qe3+ {[%emt 0:46:09]} 0-1

[Event "S. A. Group BAN-chT 2018"]
[Site "Dhaka"]
[Date "2018.12.07"]
[Round "2"]
[White "Safarli, Eltaj"]
[Black "Ahmed, Shafiq"]
[Result "1-0"]
[WhiteElo "2671"]
[BlackElo "2165"]
[Annotator "TA"]
[PlyCount "83"]
[EventDate "2018.12.07"]
[EventType "team-tourn"]
[EventCountry "BAN"]
[SourceTitle "playchess.com"]
[Source "ChessBase"]
[SourceQuality "1"]

{[%evp 15,83,33,45,56,54,54,54,47,51,44,153,135,124,121,144,127,134,129,224,218,222,223,250,217,191,195,192,188,286,287,282,279,284,283,284,262,401,395,402,394,384,384,471,464,629,629,629,612,593,591,826,826,808,801,820,817,780,771,836,789,1724,1668,29968,29970,29979,29980,29980,29981,29981,29977]} 1. e4 c5 2. Nf3 e6 3. Nc3 a6 4. g3 Nc6 5. Bg2 Nf6 6. d4 cxd4 7. Nxd4 Be7 8. O-O O-O {LiveBook: 4 Games} 9. Nxc6 {B24: Closed Sicilian: 3 g3 sidelines} dxc6 10. e5 Qxd1 11. Rxd1 {White is slightly better.} Ng4 $146 ({Predecessor:} 11... Nd5 12. Ne4 b5 13. b3 b4 14. Bb2 Bb7 15. c4 bxc3 16. Bxc3 a5 {1-0 (36) Solodovnichenko,Y (2596)-Parals Marce,L (2062) Figueres 2009}) 12. Re1 Bb4 ({Better is} 12... Bc5 $14 13. Nd1 f6) 13. h3 Nh6 14. Bxh6 Bxc3 15. bxc3 gxh6 16. Rad1 f6 (16... b5 $16 17. c4 (17. Bxc6 Rb8 $16) 17... Rb8) 17. exf6 $18 Kf7 18. Re4 Re8 19. Rh4 Kxf6 20. Rxh6+ Kg7 21. Rh5 a5 (21... e5 {keeps fighting.} 22. Be4 h6) 22. Rd4 e5 23. Rdh4 h6 24. Be4 ({But not} 24. Rxh6 $6 Bf5 $16) 24... Re6 25. Rg4+ Kf7 (25... Kh8 $142 26. Rgg5 Rf6 27. Rxe5 Be6 28. Rxa5 Rxa5 29. Rxa5 Bxh3) 26. Rf5+ Rf6 27. Rxf6+ Kxf6 {[%mdl 4096] Endgame KRB-KRB} 28. Rg8 a4 29. g4 a3 {[#]} 30. Bf5 $1 {[%mdl 512]} Bxf5 31. Rxa8 Bxc2 32. Rxa3 {KR-KB} Kg5 33. Ra7 b5 34. Ra6 Be4 35. a4 bxa4 36. Rxa4 Bf3 37. Kh2 Kh4 38. Ra5 Bd5 {[#]} 39. c4 $1 {White mates.} Bxc4 40. Rxe5 {[%csl Gg4][%cal Re5h5]} Bf7 41. Rf5 Be8 42. Rf8 {Accuracy: White = 97%, Black = 41%.} 1-0

[Event "S. A. Group BAN-chT 2018"]
[Site "Dhaka"]
[Date "2018.12.07"]
[Round "2"]
[White "Hossain, Enamul"]
[Black "Chowdhury, Sohel"]
[Result "1-0"]
[WhiteElo "2437"]
[BlackElo "2012"]
[Annotator "TA"]
[PlyCount "111"]
[EventDate "2018.12.07"]
[EventType "team-tourn"]
[EventCountry "BAN"]
[SourceTitle "playchess.com"]
[Source "ChessBase"]
[SourceQuality "1"]

{[%evp 18,111,9,25,42,43,41,41,59,45,59,59,55,45,50,24,18,27,47,30,70,57,72,68,72,72,72,72,79,72,72,72,72,57,79,79,79,0,86,72,80,72,73,73,75,60,85,47,67,59,43,43,53,52,113,64,144,156,129,60,58,46,185,145,173,52,135,118,211,215,237,224,367,318,329,315,332,327,337,307,331,317,670,646,1037,424,1085,1025,1617,1733,1729,1688,1647,1612,1466,1452]} 1. e4 {[%cal Be2e4,Be4e5][%mdl 32]} c6 2. d4 d5 3. e5 Bf5 4. h4 h5 5. Bd3 Bxd3 6. Qxd3 e6 7. Bg5 {B12: Caro-Kann: Advance Variation} Qb6 (7... Be7 8. Nf3 Nh6 9. Nc3 Nd7 10. Ne2 c5 11. Nf4 cxd4 12. Nxh5 Qa5+ 13. Bd2 Qb6 14. Nxg7+ Kf8 {0-1 (41) Saric,I (2664)-Le,Q (2737) chess.com INT 2018}) 8. Nd2 Ne7 9. Ngf3 Nf5 10. O-O {LiveBook: 7 Games} Be7 11. Bxe7 Nxe7 12. c4 $146 ({Predecessor:} 12. a4 a5 13. Qa3 Qb4 14. Qxb4 axb4 15. a5 {1-0 (44) Tsydypov,Z (2460)-Zhu,Y (2306) Danzhou 2016}) 12... a5 13. Rfc1 O-O 14. c5 Qd8 15. Ng5 {[%csl Gg5][%cal Rd3h7]} Nf5 16. Nf1 g6 17. g3 Nd7 18. Ne3 {Strongly threatening Nxf5.} Re8 19. Re1 Nf8 20. Rac1 Nh7 21. Nf3 Nf8 22. Re2 Qe7 23. Qd2 Kg7 24. b3 Nh6 25. Ng2 Nh7 26. Nf4 Nf5 27. Ng2 Nh6 $1 28. Qf4 Ng4 29. Ng5 Nh6 30. Rc3 Rf8 31. Rcc2 Rfe8 32. f3 {[%cal Bf2f3,Bf3g4][%mdl 32]} a4 33. b4 a3 34. Rc3 Ra4 35. Rb3 Rb8 (35... Nf5 $14) 36. g4 $16 hxg4 (36... b6 $1 $14) 37. fxg4 b6 {Hoping for ...bxc5.} 38. Ree3 ({White should play} 38. Rd2 $16) 38... bxc5 $1 $14 39. bxc5 Rba8 (39... Rab4 $14 40. Rxb4 (40. Rxa3 Rb1+ 41. Re1 Rxe1+ 42. Nxe1 Rb1 $16) 40... Rxb4) 40. Rf3 $36 {[%mdl 2048] White is really pushing.} R8a5 41. Rfc3 (41. Nxh7 $18 Kxh7 42. h5) 41... Ra7 (41... Rc4 $1 $14) 42. Rb6 Rc7 (42... Rb7 $16) 43. Rcb3 $1 $18 Ra8 44. Ne1 Ra4 (44... Nf8 {was necessary.} 45. Nd3 Nd7) 45. Nd3 Ra8 46. Kg2 Nf8 47. Nb4 Rac8 48. Rf3 Nd7 49. Ra6 Nxc5 $2 (49... Nf8 50. Rfxa3 Nh7) 50. dxc5 {White is clearly winning.} Qxc5 51. Raxa3 (51. Qf6+ $142 Kg8 {[#]} 52. Nxe6 $1 {[%mdl 512]} fxe6 53. Rxc6 $1 {[%mdl 512]}) 51... Qb5 (51... Qc4 $142 52. Qxc4 dxc4) 52. h5 {[%cal Bh4h5,Bh5g6][%mdl 32]} c5 53. Na6 Qb2+ 54. Kh3 Ra7 55. Qf6+ Kg8 56. hxg6 {Accuracy: White = 60%, Black = 34%.} 1-0

[Event "S. A. Group BAN-chT 2018"]
[Site "Dhaka"]
[Date "2018.12.07"]
[Round "2"]
[White "Das, Arghyadip"]
[Black "Patil, Pratik"]
[Result "1-0"]
[WhiteElo "2430"]
[BlackElo "2178"]
[Annotator "TA"]
[PlyCount "101"]
[EventDate "2018.12.07"]
[EventType "team-tourn"]
[EventCountry "BAN"]
[SourceTitle "playchess.com"]
[Source "ChessBase"]
[SourceQuality "1"]

{[%evp 22,101,88,38,90,58,90,113,114,0,0,10,24,0,-17,-7,27,5,32,32,27,4,0,18,54,13,26,26,23,32,32,23,27,25,147,22,26,21,36,39,71,21,20,18,23,0,39,0,52,39,37,37,64,54,121,120,143,126,136,136,121,90,137,141,811,510,236,0,750,0,745,743,713,697,593,632,29985,29986,29996,29997,29997,29998]} 1. e4 c5 2. Nf3 e6 3. d4 cxd4 4. Nxd4 a6 5. Bd3 Bc5 6. Nb3 Ba7 7. Qg4 Nf6 8. Qg3 d6 {B42: Sicilian: Kan Variation: 5 Bd3} (8... Nc6 9. Nc3 Nh5 10. Qh3 Nf6 11. Bg5 h6 12. O-O b5 13. Kh1 Bb7 14. f4 Rg8 15. Bxf6 gxf6 16. Qxh6 {1-0 (51) Timofeev,A (2598)-Kamsky,G (2670) Kazan 2016}) 9. Nc3 Nc6 10. O-O Ne5 11. Be2 b5 12. Bf4 $1 {LiveBook: 11 Games. Threatens to win with Rad1.} ({Of course not} 12. Qxg7 Rg8 $15) 12... O-O ({Black should try} 12... b4 $1 $14 13. Rad1 Bd7 14. Rxd6 Ng6) 13. Rad1 Qe7 {[#]} 14. Rxd6 $1 {[%mdl 512]} Ng6 (14... Qxd6 15. Bxe5) 15. Rdd1 $146 ({White has to play} 15. e5 $16 Nxf4 16. Qxf4) ({Predecessor:} 15. e5 Nxf4 16. Qxf4 Bb8 {1-0 (48) Rodin,D (2260)-Kostin,A (2393) Voronezh 1999}) 15... Nxf4 $11 16. Qxf4 b4 17. Nb1 e5 18. Qh4 Bb7 19. N1d2 Rac8 20. Bd3 Qc7 21. Ra1 a5 $1 22. a4 Rfd8 23. Rfe1 Nd7 24. Nc4 Nc5 25. Nxc5 Bxc5 26. Rad1 Rd7 27. Qg3 f6 {[#]} (27... Bd4 $11) 28. b3 (28. Nxa5 $1 $16 {[%mdl 512]} Kh8 (28... Qxa5 29. Bc4+) 29. Nxb7 Qxb7 30. a5) 28... Rcd8 29. Kh1 Ba6 30. Nb2 {[%cal Bc4b2,Bb2d3,Bd3e1,Be1f3][%mdl 32]} Bxd3 31. Rxd3 Rxd3 32. Nxd3 Bd4 33. Re2 Qc3 34. h4 {[%cal Bh2h4,Bh4h5][%mdl 32]} Rd6 (34... Qa1+ $11 35. Kh2 Qd1) 35. Kh2 Qc7 36. Qg4 Rc6 37. Ne1 $40 {[%mdl 128] White is up to no good.} h6 (37... Bc3 $14) 38. h5 $16 Qb6 39. Qf5 Qc7 40. g3 Bc3 41. Nf3 Bb2 42. Nh4 Rxc2 $2 {[%mdl 8192]} (42... Rd6 $16 43. Qg6 Kh8) 43. Qe6+ $18 Kh7 44. Qf5+ $2 (44. Ng6) 44... Kg8 45. Qe6+ Kh7 46. Rxc2 Qxc2 47. Qf5+ Kg8 48. Ng6 {White wants to mate with Kh3.} Bd4 {[#]} 49. Kh3 $1 {White mates.} Bxf2 50. Qe6+ Kh7 51. Qe8 {Accuracy: White = 56%, Black = 27%.} 1-0

[Event "S. A. Group BAN-chT 2018"]
[Site "Dhaka"]
[Date "2018.12.07"]
[Round "2"]
[White "Abu Sufian, Shakil"]
[Black "Hamid, Rani"]
[Result "1-0"]
[WhiteElo "2230"]
[BlackElo "1932"]
[Annotator "NA"]
[PlyCount "95"]
[EventDate "2018.12.07"]
[EventType "team-tourn"]
[EventCountry "BAN"]
[SourceTitle "playchess.com"]
[Source "ChessBase"]
[SourceQuality "1"]
[TimeControl "5400+30"]

1. e4 {[%emt 1:30:30]} c5 {[%emt 1:30:30]} 2. Nf3 {[%emt 0:00:30]} e6 {[%emt 0:00:30]} 3. d4 {[%emt 0:00:30]} cxd4 {[%emt 0:00:30]} 4. Nxd4 {[%emt 0:00:30]} a6 {[%emt 0:00:30]} 5. Nc3 {[%emt 0:00:30]} Qc7 {[%emt 0:00:30]} 6. Be2 {[%emt 0:00:30]} Nf6 {[%emt 0:00:30]} 7. O-O {[%emt 0:00:30]} Be7 {[%emt 0:00:30]} 8. Be3 {[%emt 0:00:30]} b5 {[%emt 0:00:30]} 9. Bf3 {[%emt 0:00:30]} Nc6 {[%emt 0:00:30]} 10. e5 {[%emt 0:00:30]} Ng8 {[%emt 0:00:30]} 11. a4 {[%emt 0:00:30]} bxa4 {[%emt 0:00:30]} 12. Nxc6 {[%emt 0:00:30]} dxc6 {[%emt 0:00:30]} 13. Nxa4 {[%emt 0:00:30]} Rb8 {[%emt 0:00:30]} 14. Re1 {[%emt 0:00:30]} c5 {[%emt 0:00:30]} 15. Qd2 {[%emt 0:00:30]} h5 {[%emt 0:00:30]} 16. b3 {[%emt 0:00:30]} h4 {[%emt 0:00:30]} 17. h3 {[%emt 0:00:30]} Nh6 {[%emt 0:00:30]} 18. Qc3 {[%emt 0:00:30]} Nf5 {[%emt 0:00:30]} 19. Bxc5 {[%emt 0:00:30]} O-O {[%emt 0:00:30]} 20. Bxe7 {[%emt 0:00:30]} Qxc3 {[%emt 0:00:30]} 21. Nxc3 {[%emt 0:00:30]} Nxe7 {[%emt 0:00:30]} 22. Be4 {[%emt 0:00:30]} Bb7 {[%emt 0:00:30]} 23. Bd3 {[%emt 0:00:30]} Nc6 {[%emt 0:00:30]} 24. Ra4 {[%emt 0:00:30]} Rfd8 {[%emt 0:00:30]} 25. Rxh4 {[%emt 0:00:30]} Nd4 {[%emt 0:00:30]} 26. Ne2 {[%emt 0:00:30]} Nxe2+ {[%emt 0:00:30]} 27. Rxe2 {[%emt 0:00:30]} g6 {[%emt 0:00:30]} 28. Ra4 {[%emt 0:00:30]} Ra8 {[%emt 0:00:30]} 29. f4 {[%emt 0:00:30]} a5 {[%emt 0:00:30]} 30. Be4 {[%emt 0:00:30]} Bxe4 {[%emt 0:00:30]} 31. Raxe4 {[%emt 0:00:30]} Rac8 {[%emt 0:00:30]} 32. Ra4 {[%emt 0:00:30]} Rc5 {[%emt 0:00:30]} 33. Kf2 {[%emt 0:00:30]} Rdc8 {[%emt 0:00:30]} 34. c4 {[%emt 0:00:30]} Rd8 {[%emt 0:00:30]} 35. h4 {[%emt 0:00:30]} Rd1 {[%emt 0:00:30]} 36. Re3 {[%emt 0:00:30]} Rh1 {[%emt 0:00:30]} 37. g3 {[%emt 0:00:30]} Rb1 {[%emt 0:00:30]} 38. Rd3 {[%emt 0:00:30]} Kg7 {[%emt 0:00:30]} 39. Ke3 {[%emt 0:00:30]} Kh6 {[%emt 0:00:30]} 40. Kd4 {[%emt 0:00:30]} Rc8 {[%emt 0:00:30]} 41. Rxa5 {[%emt 0:00:30]} Rd8+ {[%emt 0:00:30]} 42. Ke3 {[%emt 0:00:30]} Rxd3+ {[%emt 0:00:30]} 43. Kxd3 {[%emt 0:00:30]} Rxb3+ {[%emt 0:00:30]} 44. Kd4 {[%emt 0:00:30]} Rxg3 {[%emt 0:00:30]} 45. c5 {[%emt 0:00:30]} Rf3 {[%emt 0:00:30]} 46. c6 {[%emt 0:00:30]} Rxf4+ {[%emt 0:00:30]} 47. Kc5 {[%emt 0:00:30]} Rf1 {[%emt 0:00:30]} 48. c7 {[%emt 0:00:30]} 1-0